| 000 | 00764nam a2200241 a 4500 | ||
|---|---|---|---|
| 999 |
_c20565 _d20565 |
||
| 001 | 4694977 | ||
| 003 | OSt | ||
| 005 | 20200612101206.0 | ||
| 008 | 830611s1981 ii fa b 001 0 eng | ||
| 010 | _a 81905282 | ||
| 020 |
_a0861310187 : _cRs85.00 |
||
| 040 |
_aDLC _coclc _dDLC |
||
| 043 | _aa-ii--- | ||
| 050 | 0 | 0 |
_aCJ3536 _b.K67 1981 |
| 082 | 0 | 0 |
_a737.4954 _219 _bKOS/I |
| 100 |
_aKosambi, D D _q(Damodar Dharmanand), _d1907-1966. _92722 |
||
| 245 | 1 | 0 |
_aIndian Numismatics / _cD D Kosambi |
| 260 |
_aNew Delhi : _bOrient Longman, _c1981. |
||
| 300 | _a159 p | ||
| 504 | _aIncludes bibliographical references and index. | ||
| 906 |
_a7 _bcbc _corignew _d3 _encip _f19 _gy-gencatlg |
||
| 942 |
_2ddc _cBK _h737.4954 _iKOS/I _k737.4954 _mKOS/I |
||